00787nam a2200217Ia 4500003000900000008004100009040001600050080001900066100002200085245014200107260003200249300001500281650001800296650004100314650002200355650005300377700002200430942000700452999001500459952009500474IN-BaIIA211028s9999 xx 000 0 eng d cIIA Library a52(082.2)bPRO aHidayat, B914600 0aProceedings of the second asian-pacific regional meeting on astronomy Bandung, Indonesia, 24 - 29 August, 1981cB. Hidayat and M W Feast  aJakartabTira Pustakac1984 axii, 571p. aAstronomy980 aAstronomy and astrophysics thesaurus aAstrophysics9794 aGalactic structure, Stars binary, Pulsars914601 aFeast, M W914602 cBK c8688d8688 00104070aBANbBANcGENd1986-05-21l0o52(082.2)/ PROp9563r2021-11-05w1986-05-21yBK